000 00518nam a22001817a 4500
003 OSt
005 20180116182952.0
008 131205b xxu||||| |||| 00| 0 eng d
020 _a9788120345812
040 _a0
_c0
082 _22nd Ed.
_a658 BOS 2012
100 _aD. Chandra Bose
245 _aPrinciples of Management and Administration
_cD. Chandra Bose
260 _aNew Delhi
_bPHI Learning Pvt. ltd
_c2012
300 _a733p.
_bPB
440 _aPrinciples of Management and Administration
942 _2ddc
_cBK
999 _c349554
_d349554